000
00316nam a2200109 a 4500
005
20201002044930.0
008
140404s1972 000 spa d
100
_a
Chateaubriand, Francois-Rene
_9
71529
245
0
_a
Atala Rene : el Ășltimo abencerraje.
260
_a
Madrid -- Libra,
_c
1972 -- 170 p.
999
_c
43201
_d
43201
040
_a
DO-SdBNP